| 000 | 00486nam a2200217 454500 | ||
|---|---|---|---|
| 001 | 049832 | ||
| 003 | BD-ChCU | ||
| 008 | Eng | ||
| 020 | _a0195630920 | ||
| 040 |
_aDLC _cDLC _dBD-ChCU |
||
| 082 | 0 | 0 | _a200.0954/R382 |
| 100 | 1 |
_ax _bx |
|
| 245 | 1 | 0 |
_aReligion in India _bx |
| 250 | _a2 | ||
| 260 |
_aNew Delhi _bOxford Univ. Press _c2000 |
||
| 300 | _axviii,459 | ||
| 504 | _aIncludes | ||
| 650 | 0 |
_aReligion -India _bReligion |
|
| 700 | 1 | _aMadan, T.N | |
| 942 |
_2ddc _cBK |
||
| 999 |
_c49832 _d49832 |
||